header

Theoretical and experimental approaches to Romance linguistics (Record no. 206527)

MARC details
000 -LEADER
fixed length control field 01721nam a2200349Ia 4500
082 04 - DEWEY DECIMAL CLASSIFICATION NUMBER
Classification number 440
245 10 - TITLE STATEMENT
Title Theoretical and experimental approaches to Romance linguistics
260 ## - PUBLICATION, DISTRIBUTION, ETC. (IMPRINT)
Place of publication Philadelphia, PA :
Name of publisher John Benjamins,
Year of publication 2005.
300 ## - PHYSICAL DESCRIPTION
Number of Pages viii, 367 p.
490 1# - SERIES STATEMENT
Series statement Amsterdam studies in the theory and history of linguistic science. Series IV, Current issues in linguistic theory,
650 #0 - SUBJECT ADDED ENTRY--TOPICAL TERM
Topical Term Romance languages
Topical Term Romance languages.
700 1# - ADDED ENTRY--PERSONAL NAME
Personal name Gess, Randall Scott,
Personal name Rubin, Edward J.
856 40 - ELECTRONIC LOCATION AND ACCESS
Uniform Resource Identifier http://site.ebrary.com/lib/rucke/Doc?id=10103920

No items available.

© 2026 Rongo University
Contact us: librarian | system librarian | Rongo university